Biblioteka Instytutu Północnego w Olsztynie

Widok standardowy Widok MARC

Pozycja Personal Name

Liczba rekordów, w których użyto hasła: 1

001 - Numer kontrolny

  • control field: 37977

003 - Identyfikator numeru kontrolnego

  • control field: NUKAT

005 - Data i czas ostatniej modyfikacji

  • control field: 20260312211411.0

008 - Dane kontrolne kodowane (40 znaków)

  • fixed length control field: 000315n||a|znnaabn |a aaa |c

010 ## - Numer kontrolny Biblioteki Kongresu

  • numer kontrolny LC: n 00011331

024 7# - OTHER STANDARD IDENTIFIER

  • Standard number or code: 96579640
  • Source of number or code: viaf

024 7# - OTHER STANDARD IDENTIFIER

  • Standard number or code: Q49237
  • Source of number or code: wikidata

024 7# - OTHER STANDARD IDENTIFIER

  • Standard number or code: 000000012096688X
  • Source of number or code: isni

040 ## - Instytucja sporządzająca rekord

  • inst. przygot. dane do rek. khw: KR U/PAW
  • język haseł przedmiotowych/tezaurus: kaba
  • inst. wprow. rek. khw: KR U/PAW
  • inst. modyf. rek. khw: KR U/PAWs

046 ## - Special dates

  • Birth date: 1475
  • Death date: 1521

100 0# - Hasło - nazwa osobowa

  • nazwa osobowa w formie ujednoliconej: Leon
  • numeracja (cyfry rzymskie): X
  • dopowiedzenie inne niż daty biograficzne: (papież ;
  • daty biograficzne: 1475-1521).

368 ## - Other Attributes

  • Title of person: papież

375 ## - Gender

  • Gender: 1
  • Source of term: iso5218

400 0# - Trop zob. - nazwa osobowa

  • nazwa osobowa (nazwisko, imiona): Giovanni de Medici.

400 1# - Trop zob. - nazwa osobowa

  • nazwa osobowa (nazwisko, imiona): Medici, Giovanni de.

400 0# - Trop zob. - nazwa osobowa

  • nazwa osobowa (nazwisko, imiona): Léon
  • numeracja (cyfry rzymskie): X
  • dopowiedzenia inne niż daty biograficzne: (pape).

400 0# - Trop zob. - nazwa osobowa

  • nazwa osobowa (nazwisko, imiona): Leo
  • numeracja (cyfry rzymskie): X
  • dopowiedzenia inne niż daty biograficzne: (pope).

400 0# - Trop zob. - nazwa osobowa

  • nazwa osobowa (nazwisko, imiona): Leone
  • numeracja (cyfry rzymskie): X
  • dopowiedzenia inne niż daty biograficzne: (papa).

670 ## - Źródło informacji

  • źródło informacji: Leone X e la sua politica / Francesco Nitti. - [Bologna], 1998.

670 ## - Źródło informacji

  • źródło informacji: BNF NA online

670 ## - Źródło informacji

  • źródło informacji: The Oxford dictionary of the christian church. - Oxford, 1983.
Biblioteka Instytutu Północnego, ul. Partyzantów 87, 10-402 Olsztyn, email: biblioteka(at)ip.olsztyn.pl